Statistics for Name the Roman Emperor

Click here to take the quiz!

General Stats

  • This quiz has been taken 16 times
  • The average score is 8 of 15

Answer Stats

HintAnswer% Correct
First emperor, founded the Julio-Claudian dynastyAugustus
100%
His name means "little shoe of a soldier".Caligula
100%
Built the wall on the northernmost edge of Roman Britannia.Hadrian
93%
Stutterer. Conquered Britain.Claudius
80%
Under his rule, Rome reached his greatest extent. Fought the Dacians.Trajan
80%
Was also a philosopher.Marcus Aurelius
73%
Mad emperor, liked fighting in the arena.Commodus
67%
Partitioned the empire, abdicated and lived the rest of his life in SplitDiocletian
53%
He began building the Colosseum.Vespasian
53%
Revolted against Nero, supported by the senate and the pretorian guard.Galba
47%
Worshipped a sun god named Sol, restored the empire.Aurelian
33%
First emperor not from Europe, brought to the throne by pannonian legions.Septimius Severus
27%
Killed in the battle of Adrianople against the Goths.Valens
27%
Last emperor of Western RomeAugustulus
7%
Commoner who became emperor, brought to the throne by his germanic legions.Maximinus Thrax
7%

Score Distribution

Percentile by Number Answered

Percent of People with Each Score

Your Score History

You have not taken this quiz